000
00289nam a22001337a 4500
008
170315b xxu||||| |||| 00| 0 eng d
020
_a
9780077230265
041
_a
eng
080
_2
8TH
_a
611
100
_a
7
101
_a
SHM
245
_a
ANATOMY & PHYSIOLOGY
_c
WISE, E
942
_2
udc
_c
BK
999
_c
7910
_d
7910